000 01871nam0a22004331 4500
001 v19\rc\1761578
005 20250619083254.0
035 _a(NLR Aleph) 004890752
090 _a5268476
_c5268476
100 _a20061204d1903 |||y0rusy50 ca
101 1 _arus
_cfre
102 _aRU
105 _ay z |||||
200 1 _aИнквизиция по новейшим исследованиям
_fШ.-В. Ланглуа
_gПер. под ред. Н. Сперанского
210 _aМосква
_cМ. и С. Сабашниковы
_d1903
215 _a122 с.
_d17
300 _aЗагл. ориг.: "Histoire de l'inquisition au moyen âge"
300 _aПер. также под загл.: "Инквизиция по новейшим трудам", "История инквизиции в Западной Европе"
451 0 _12001#$aИнквизиция по новейшим трудам
_tИнквизиция по новейшим трудам
451 0 _12001#$aИстория инквизиции в Западной Европе
_tИстория инквизиции в Западной Европе
454 0 _12001#$aHistoire de l'inquisition au moyen âge
_tHistoire de l'inquisition au moyen âge
700 1 _7ca
_8rus
_aЛанглуа
_bШ. В.
_f1863-1929
_gШарль Виктор
_9266268
_3RU\NLR\AUTH\770266324
702 1 _aСперанский
_bН.
_4340
790 1 _9z01700
_aЛанглуа
_bШ.-В.
_f1863-1929
801 0 _aRU
_bNLR
_gpsbo
801 0 _aRU
_bRuMoRGB
_2psbo
801 1 _aRU
_bProSoft-M
_2rusmarc
852 _aNLR
_j38.27.9.23
852 _aNLR
_j129/1741
899 _aГПИБ
899 _aНБ МГУ
899 _aНБ СПбГУ
899 _aRuMoRGB
_jG 69/360
899 _aRuMoRGB
_jРб 6/1624
899 _aRuMoRGB
_jКл 6/216
899 _aБАН
942 _cBOOK
980 _aNB